Personnalités historiques les plus consultées sur Wikipédia - Statistiques

Statistiques générales
  • Ce quiz a été pris 93 fois
  • Le résultat moyen est 29 sur 50
Statistiques - réponses
# Top 100 Dates Nationalité.s Occupation Personnalité % Correct
33 1889|1945 Allemande Dictateur Adolf Hitler
100%
34 1638|1715 Française Roi Louis XIV
97%
23 -69|-30 Égyptienne Reine Cléopâtre VII
96%
15 1890|1970 Française Président Charles de Gaulle
92%
57 1769|1821 Française Empereur Napoléon Ier
92%
58 1802|1885 Française Écrivain Victor Hugo
92%
17 1879|1955 Allemande, États-unienne, Suisse Physicien Albert Einstein
88%
4 1878|1953 Soviétique Dictateur Joseph Staline
88%
7 1452|1519 Toscane Peintre Léonard de Vinci
88%
7 1867|1934 Française, Polonaise Physicienne Marie Curie
88%
32 1622|1673 Française Dramaturge Molière
88%
5 1756|1791 Autrichienne, Bavaroise Compositeur Wolfgang Amadeus Mozart
87%
4 1808|1873 Française Empereur Napoléon III
85%
3 1710|1774 Française Roi Louis XV
80%
3 1881|1973 Espagnole Peintre Pablo Picasso
79%
14 1819|1901 Britannique Reine Victoria
79%
2 742|814 Franque Empereur Charlemagne
76%
5 1451|1506 Génoise Navigateur Christophe Colomb
76%
2 1856|1951 Française Maréchal Philippe Pétain
75%
10 1874|1965 Britannique Premier ministre Winston Churchill
75%
2 1533|1603 Anglaise Reine Élisabeth Ire
73%
3 1856|1939 Autrichienne Psychanalyste Sigmund Freud
69%
3 1621|1695 Française Fabuliste Jean de la Fontaine
68%
23 1475|1564 Florentine Peintre Michel-Ange
64%
2 1883|1971 Française Grande couturière Coco Chanel
63%
2 -1345|-1327 Égyptienne Pharaon Toutânkhamon
63%
13 1837|1898 Autrichienne, Bavaroise Impératrice Élisabeth de Wittelsbach | Sissi
61%
2 -356|-323 Macédonienne Roi Alexandre le Grand
56%
26 1821|1867 Française Poète Charles Baudelaire
55%
3 1840|1902 Française Écrivain Émile Zola
55%
22 1694|1778 Française Écrivain Voltaire
52%
2 1601|1643 Française Roi Louis XIII
49%
3 1832|1923 Française Ingénieur Gustave Eiffel
47%
3 1865|1936 Britannique Roi George V
43%
7 1542|1587 Française, Écossaise Reine Marie Stuart
43%
2 1804|1876 Française Écrivaine George Sand
41%
20 1850|1893 Française Écrivain Guy de Maupassant
35%
2 1836|1924 Française Facteur Ferdinand Cheval
33%
12 1895|1952 Britannique Roi George VI
32%
2 1729|1793 Russe Impératrice Catherine II
31%
3 1491|1547 Anglaise Roi Henri VIII
31%
2 1802|1870 Française Écrivain Alexandre Dumas
28%
5 1894|1972 Britannique Roi Édouard VIII
24%
3 1485|1540 Anglaise Chef ministre Thomas Cromwell
17%
2 1889|1977 Britannique Réalisateur Charlie Chaplin
15%
2 1501|1536 Anglaise Reine Anne Boleyn
11%
2 1775|1857 Française Détective Eugène-François Vidocq
9%
4 1830|1916 Autrichienne, Hongroise Empereur François-Joseph Ier
9%
4 1743|1793 Française Favorite Madame du Barry
8%
2 1896|1974 États-unienne Personnalité du nucléaire Lewis Strauss
1%
Aucun quiz correspondant
Distribution des résultats
% des personnes avec chaque résultat
Percentile par nombre de réponses
Votre historique - résultats
Vous n’avez pas pris ce quiz